000 00340nam a22001337a 4500
999 _c523034
_d523034
008 230626b ||||| |||| 00| 0 eng d
100 _aMishra, Vivek
_941987
245 _aSwage overload
260 _aDown to Earth
300 _a31(22), Apr-1-15, 2023: p.25-27
773 _aDown to Earth
906 _aENVIRONMENT
942 _cAR